|
|
|
|
| LEADER |
00000nas a22000001a 4500 |
| 001 |
vtls010300236 |
| 003 |
SK-MaSNL |
| 005 |
20260228162800.0 |
| 008 |
110810d19381939xo wr p r 0 b0slo |
| 040 |
|
|
|a SNK
|b slo
|c SNK
|e AACR2
|
| 041 |
0 |
|
|a slo
|
| 044 |
|
|
|a xo
|c SK
|
| 245 |
0 |
0 |
|a Mladý Slovák
|b noviny slovenskej mládeže
|
| 260 |
|
|
|a Bratislava
|b Štátne nakladateľstvo
|c 1938-1939
|
| 300 |
|
|
|a 1 roč.
|c 41 x 29 cm
|
| 310 |
|
|
|a 1x týždenne
|
| 362 |
|
|
|a Roč. 1 (7), č. 1-2 (9-10) (16.12.1938) - roč. 1 (7), č. 31-32 (39-40) (15.6.1939)
|
| 500 |
|
|
|a Zmena podnázvu: [od 13-14/I (9. 2. 1939)] Noviny Hlinkovej mládeže
|
| 500 |
|
|
|a Vych. v Bratislave každý týždeň v piatok okrem hlavných školských prázdnin
|
| 500 |
|
|
|a Zodp. red. Ladislav Hohoš (do 6/I (6. 1. 1939)]; Anton Kudja (do 12/I (27. 1. 1939)]; Ján Dafčík [od 14/I (9. 2. 1939) - do 28/I (19. 5. 1939)]; Alojz Macek [od 29-30/I (2. 6. 1939)]. Hlav. red. Anton Kudja [od 7-8/I (13. 1. 1939)]
|
| 500 |
|
|
|a Maj. a vyd. Štátne nakladateľstvo
|
| 500 |
|
|
|a Tlač. Novina, Slovenská kníhtlačiareň [do 3-4/I (23. 12. 1938)]; Kníhtlač. Andreja [od 5-6/I (6. 1. 1939)]
|
| 500 |
|
|
|a Vych. od 16. 12. 1938 do 15. 6. 1939
|
| 515 |
|
|
|a Dvojité označovanie čísiel a ročníkov (roč. 1=roč. 7, č. 1-2=č. 9-10) - priebežné s časopisom Mladý život
|
| 520 |
|
|
|a Mládežnícko-politický týždenník. Okrem poviedok, básní a príspevkov z oblasti umenia, uverejňoval články na politické témy, ďalej na technické, mal kútik zaujímavostí a športový. Číslom 13-14 /I z 9. 2. 1939 sa časopis stal novinami Hlinkovej mládeže. Ku koncu vychádzania zriadil rubriku Oriešky, Orlík a Vĺča, ktoré pripravili pôdu pre vydávanie (po zaniknutí Mladého Slováka) časopisov Vĺča a Nová mládež
|
| 580 |
|
|
|a Bol pokračovaním novín Mladý život
|
| 650 |
0 |
7 |
|a mládež
|2 SNKPH
|9 1575
|
| 655 |
|
7 |
|a časopisy pre mládež
|2 SNKBUDS
|9 70792
|
| 700 |
1 |
|
|a Hohoš, Ladislav,
|d 1907-1983
|4 pbd
|9 49058
|
| 700 |
1 |
|
|a Kudja Anton,
|d 1908-1991
|4 pbd
|9 200074
|
| 700 |
1 |
|
|a Dafčík, Ján,
|d 1896-1967
|4 pbd
|9 121477
|
| 700 |
1 |
|
|a Macek, Alojz,
|d 1909-1975
|4 pbd
|9 178591
|
| 710 |
2 |
|
|a Novina (Bratislava)
|e tlač.
|9 269443
|
| 710 |
2 |
|
|a Tlačový podnik Andrej, úč. spol. (Bratislava, Slovensko)
|9 269370
|
| 780 |
0 |
0 |
|t Mladý život
|w vtls 001278521
|
| 910 |
|
|
|a snk
|
| 916 |
|
|
|a 1938-39
|
| 999 |
|
|
|c 8334
|d 10264
|
| 952 |
|
|
|0 0
|1 0
|4 0
|7 0
|a SNK
|b SNK
|d 2017-02-09
|f 1
|i snk 58/41
|l 0
|o snkČSA 150/A/1(7)1938-39
|p 17A0609283
|r 2026-02-21 21:55:24
|t č. 1-32 (9-40)
|w 2026-02-21
|y PREZ
|z Zviazaný spoločne s časopisom Mladý život ČSA 150/7/1938
|
| 952 |
|
|
|0 0
|1 0
|4 0
|7 0
|8 5
|a SNK
|b SNK
|d 2017-02-09
|i snkF 998/68
|l 0
|o snkČSA 150/A/1(7)1938-39 D1
|p 17A0155885
|r 2026-02-21 21:55:24
|t č. 1-32 (9-40)
|w 2026-02-21
|y PREZ
|z Zviazaný spoločne s časopisom Mladý život ČSA 150/7/1938
|